Rimbaud - Poème Sensation - Statistiques

Statistiques générales
  • Ce quiz a été pris 18 fois
  • Le résultat moyen est 57 sur 68
Statistiques - réponses
Sensation % Correct
__
100%
à
100%
bleus
100%
dans
100%
dans
100%
d'été,
100%
Je
100%
Je
100%
je
100%
j'irai
100%
j'irai
100%
la
100%
la
100%
le
100%
les
100%
les
100%
les
100%
Par
100%
par
100%
Par
100%
sentiers,
100%
soirs
100%
baigner
91%
blés,
91%
comme
91%
comme
91%
ma
91%
me
91%
mes
91%
Nature,
91%
nue.
91%
Picoté
91%
pieds.
91%
sentirai
91%
tête
91%
un
91%
vent
91%
avec
82%
bien
82%
femme.
82%
fouler
82%
fraîcheur
82%
heureux
82%
j'en
82%
l'herbe
82%
loin,
82%
loin,
82%
menue :
82%
une
82%
bohémien,
73%
laisserai
73%
ne
73%
ne
73%
Rêveur,
73%
Et
64%
l'âme,
64%
Mais
64%
montera
64%
parlerai
64%
pas,
64%
penserai
64%
rien :
64%
Rimbaud
64%
Arthur
55%
infini
55%
l'amour
55%
1870.
45%
Mars
45%
Aucun quiz correspondant
Distribution des résultats
% des personnes avec chaque résultat
Percentile par nombre de réponses
Votre historique - résultats
Vous n’avez pas pris ce quiz